000 00595cam a2200205 4500500
005 20260405003422.0
041 _afre
042 _adc
100 1 0 _ade Oliveira, Victorine
_eauthor
245 0 0 _aZarathoustra et compagnie
260 _c2021.
500 _a87
690 _aDisciple
690 _aMisogynie
690 _aNietzsche
690 _aSerpent
690 _aZarathoustra
786 0 _nPhilosophie magazine | 155 | 12 | 2021-12-01 | p. 39-39 | 1951-1787
856 4 1 _uhttps://shs.cairn.info/magazine-philosophie-magazine-2021-12-1-page-39?lang=fr&redirect-ssocas=7080
999 _c2067355
_d2067355